Racionalidad pacf̕ica una introduccin̤ a los estudios para la paz /

Detalles Bibliográficos
Autor principal: Jimňez Bautista, Francisco
Formato: eBook
Lenguaje:español
Publicado: Madrid : Dykinson, 2011
Materias:
Acceso en línea:Acceso restringido

MARC

LEADER 00000nam a2200000 a 4500
005 2012090708568.0
007 cr |||||||||||
008 120907s2011 sp s 000 0 spa|c
020 |a 9788415454724  
035 |a 6336 
040 |a vlex  |d vLex 
090 |c 3398  |d 3398 
100 1 |a Jimňez Bautista, Francisco  
245 1 0 |a Racionalidad pacf̕ica  |h [Recurso electrn̤ico] :  |b una introduccin̤ a los estudios para la paz /  |c Francisco Jimňez Bautista 
256 |a Servicio en ln̕ea 
260 |a Madrid :  |b Dykinson,  |c 2011 
300 |a 1 recurso electrn̤ico 
504 |a Notas. Bibliografa̕ 
506 1 |a Contenido solo disponible en los productos indicados  |d vLex Global   |d vLex Global (Academic Edition, excluding Law Schools)   |d vLex Global (U.S. Academic Edition, Law Schools)   |d vLex Global (U.S. Academic Edition, excluding Law Schools)   |d vLex Global (Academic Edition, Law Schools)  
650 0 4 |a Teora̕ del conocimiento 
650 0 4 |a Paz 
740 0 |a vLex Libros (Servicio en ln̕ea) 
856 4 0 |z Acceso restringido  |u http://vlex.com/source/racionalidad-pacifica-introduccion-estudios-paz-6336 
942 |c BOOK 
950 4 |a Teoria del coneixement 
950 4 |a Pau 
999 0 |a  Knowledge, Theory of 
999 0 |a Peace